Play time, play gender : subversive Unmännlichkeit und ihr schönstes Spielzeug: das Kino; [Rezension]

Saved in:
Bibliographic Details
Published in:Kritische Berichte 32(2004), 4, Seite 76-88
Main Author: Sykora, Katharina (Author)
Other Authors: Tati, Jacques (Illustrator)
Document Type: Online Resource Article
Language:German
Published: 2004
Subjects:
Online Access:kostenfrei
kostenfrei
Related Items:In: Kritische Berichte
Author Notes:Katharina Sykora
LEADER 02772caa a2200565 c 4500
001 1464856419
003 DE-627
005 20260409084929.0
007 cr cn 008aaaaa
008 131029s2004 xx |||||oo 00| ||ger c
024 7 |a urn:nbn:de:bsz:16-kb-113167  |2 urn 
024 7 |a 10.11588/kb.2004.4.11316  |2 doi 
035 |a (DE-627)1464856419 
035 |a (DE-576)394856414 
035 |a (DE-599)BSZ394856414 
035 |a (OCoLC)1263324329 
040 |a DE-627  |b ger  |c DE-627  |e rakwb 
041 |a ger 
084 |a 9,10  |2 ssgn 
100 1 |a Sykora, Katharina  |d 1955-  |0 (DE-588)139423672  |0 (DE-627)610548395  |0 (DE-576)163255865  |4 aut 
245 1 0 |a Play time, play gender  |b subversive Unmännlichkeit und ihr schönstes Spielzeug: das Kino; [Rezension]  |c Katharina Sykora 
264 1 |c 2004 
300 |b Ill. 
336 |a Text  |b txt  |2 rdacontent 
337 |a Computermedien  |b c  |2 rdamedia 
338 |a Online-Ressource  |b cr  |2 rdacarrier 
500 |a Erw. Textfassung des Vortrags vom 23./24.6.2004, Symposions 'Playtime' - Film interdisziplinär 
533 |a Online-Ausg.  |b Heidelberg  |c Univ.-Bibl.  |d 2013  |e Online-Ressource  |7 |2013|||||||||| 
583 1 |a Archivierung/Langzeitarchivierung gewährleistet  |x XA-DE-BW  |2 pdager  |5 DE-16 
655 7 |a Konferenzschrift  |0 (DE-588)1071861417  |0 (DE-627)826484824  |0 (DE-576)433375485  |2 gnd-content 
655 7 |a Rezension  |0 (DE-588)4049712-4  |0 (DE-627)106186019  |0 (DE-576)209083166  |2 gnd-content 
689 0 0 |d u  |0 (DE-588)4535813-8  |0 (DE-627)266221998  |0 (DE-576)213451530  |a Play-time  |2 gnd 
689 0 1 |d s  |0 (DE-588)4123701-8  |0 (DE-627)104682345  |0 (DE-576)209561939  |a Männlichkeit  |2 gnd 
689 0 2 |d s  |0 (DE-588)4079101-4  |0 (DE-627)10468254X  |0 (DE-576)209210974  |a Weiblichkeit  |2 gnd 
689 0 |5 (DE-627) 
700 1 |a Tati, Jacques  |d 1907-1982  |e Ill.  |0 (DE-588)118753967  |0 (DE-627)079534163  |0 (DE-576)163783152  |4 ill 
773 0 8 |i In  |t Kritische Berichte  |d Heidelberg : arthistoricum.net, 1973  |g 32(2004), 4, Seite 76-88  |h Online-Ressource  |w (DE-627)751049069  |w (DE-600)2722286-X  |w (DE-576)385942125  |x 2197-7410  |7 nnas 
773 1 8 |g volume:32  |g year:2004  |g number:4  |g pages:76-88 
787 0 8 |i Filmrezension von  |a Playtime / Tati, Jacques 
856 4 0 |u http://nbn-resolving.de/urn:nbn:de:bsz:16-kb-113167  |x Verlag  |x Resolving-System  |z kostenfrei  |3 Volltext  |7 0 
856 4 0 |u http://dx.doi.org/10.11588/kb.2004.4.11316  |x Verlag  |x Resolving-System  |z kostenfrei  |3 Volltext  |7 0 
935 |h SWB  |i ld 
951 |a AR 
994 |u https://ahnp.ub.uni-heidelberg.de/journals/kb/article/view/11316 
994 |u https://ahnp.ub.uni-heidelberg.de/journals/kb/article/view/11316/5177 
990 |a Play-time 
990 |a Männlichkeit 
990 |a Weiblichkeit 
991 |a Rezension (Veranstaltung, Ausstellung) 
999 |a KXP-PPN1464856419  |e 4020456313